00344cam a22001217a 4500008004000000082001600040100001400056245005500070260003100125300001000156650002800166650002800194180718b1983 xxu||||| |||| 00| 0 eng d aI241x54 P17 aPal, R.N. aOffice of the Prime Minister in Indiacby R.N. Pal aNew DelhibGhanshyamc1983 a279p. aPrime ministers --India aExecutive power --India